000 00553nam a2200169Ia 4500
003 IN-BaIIA
008 211028s9999 xx 000 0 eng d
040 _cIIA Library
080 _a083:535.33
_bKEL
100 _aKelly, R. L
_914718
245 0 _aAtomic emission lines in the near ultaviolet
_bhydrogen through krypt.on
_cR. L. Kelly
260 _aMaryland
_bGoddard Space Flight Centre
_c1979
300 _aiii, 400p.
650 _aAtomic emission lines
_914719
650 _aNASA thesaurus
942 _cBK
999 _c8755
_d8755